PLANEACION ESTRATEGICA: COMO SE ARREGLAN LOS GERENTES TRIUNFADORES (Registro nro. 222846)
[ vista simple ]
| 000 -LEADER | |
|---|---|
| campo de control de longitud fija | 00916nam a2200241Ia 4500 |
| 005 - FECHA Y HORA DE LA ÚLTIMA TRANSACCIÓN | |
| campo de control | 20250425162126.0 |
| 008 - DATOS DE LONGITUD FIJA--INFORMACIÓN GENERAL | |
| campo de control de longitud fija | 250425s9999 xx 000 0 und d |
| 020 ## - NÚMERO INTERNACIONAL ESTÁNDAR DEL LIBRO | |
| Número Internacional Estándar del Libro | 9681833260 |
| 041 ## - CÓDIGO DE IDIOMA | |
| Código de lengua del texto/banda sonora o título independiente | spa |
| 082 ## - NÚMERO DE LA CLASIFICACIÓN DECIMAL DEWEY | |
| Número de clasificación | 658.4012 |
| 010 ## - NÚMERO DE CONTROL DE LA BIBLIOTECA DEL CONGRESO | |
| Número de control de LC | 51457 |
| 100 ## - ENTRADA PRINCIPAL--NOMBRE DE PERSONA | |
| Nombre de persona | HAMERMESH, RICHARD G. |
| 245 #0 - MENCIÓN DEL TÍTULO | |
| Título | PLANEACION ESTRATEGICA: COMO SE ARREGLAN LOS GERENTES TRIUNFADORES |
| 250 ## - MENCION DE EDICION | |
| Mención de edición | 1A ED. |
| 260 ## - PUBLICACIÓN, DISTRIBUCIÓN, ETC. | |
| Lugar de publicación, distribución, etc. | MEXICO |
| 260 ## - PUBLICACIÓN, DISTRIBUCIÓN, ETC. | |
| Lugar de publicación, distribución, etc. | México |
| Nombre del editor, distribuidor, etc. | LIMUSA |
| Fecha de publicación, distribución, etc. | 1990 |
| 300 ## - DESCRIPCIÓN FÍSICA | |
| Extensión | 278 |
| 500 ## - NOTA GENERAL | |
| Nota general | EN CIBGZ-FIIMCP 50180 PARA ING.Y ADMINISTRACION DE LA PRODUCCION UNDISTRIAL |
| 520 ## - RESUMEN, ETC. | |
| Sumario, etc. | LA PLANEACION ENCIERRA DIFERENTES TAREAS, FUNCIONES Y RESPONSABILIDADES DEL GERENTE GENERAL CON UN NUEVO CONJUNTO DE TECNICAS DE PLANEACION A LAS QUE ACTUALMENTE SE LES LLAMA PLANEACION DE CARTERA. ESTAS TECNICAS OFRECIAN PRESCRIPCIONES LOGICAS Y FACILE |
| 650 ## - PUNTO DE ACCESO ADICIONAL DE MATERIA--TÉRMINO DE MATERIA | |
| Término de materia o nombre geográfico como elemento de entrada | PLANIFICACION ESTRATEGICA |
| 650 ## - PUNTO DE ACCESO ADICIONAL DE MATERIA--TÉRMINO DE MATERIA | |
| Término de materia o nombre geográfico como elemento de entrada | TOMA DE DECISIONES |
| 942 ## - ELEMENTOS DE ENTRADA SECUNDARIOS (KOHA) | |
| Tipo de ítem Koha | Libros |
| Estatus retirado | Estado de pérdida | Estado de daño | No para préstamo | Biblioteca de origen | Biblioteca actual | Fecha de adquisición | Coste, precio normal de compra | Total de préstamos | Código de barras | Copia número |
|---|---|---|---|---|---|---|---|---|---|---|
| FACULTAD DE INGENIERIA MECANICA Y CIENCIAS DE LA PRODUCCION | FACULTAD DE INGENIERIA MECANICA Y CIENCIAS DE LA PRODUCCION | 02/12/2003 | 15.00 | 50180 | 1 |